00492nam a2200145Ia 4500008004100000020001500041041000800056082001700064100004400081245010100125250000600226260006100232300001300293650004000306210716s2006 xx 000 0 und d a0070606307 aeng a658.406 PALI aPalmer, Ian;Dunford, RIchard;Akin, Gib. aManaging organizational change: a multiple perspective approach.bMultiple perspective approach. a1 aNew DelhibTata McGraw Hill Publishing Company Ltdc2006 axiii,367 aOrganizational Development & Change